Pokémon - Quiz général #13 - Statistiques

Statistiques générales
  • Ce quiz a été pris 51 fois
  • Le résultat moyen est 7 sur 10
Statistiques - réponses
Question Réponse % Correct
Quel logo représente la Team Flare ?
98%
Quel est le talent signature de Groudon dans sa forme Primo-Résurgence ? Terre Finale
89%
Quel Pokémon possède cette description : « Il a évolué grâce à une vieille armure imprégnée de rancœur. Ce Pokémon lacère ses ennemis sans aucune merci. » ? Malvalame
87%
Quelle est la valeur maximum que peut atteindre l'IV d'un Pokémon ? 31
84%
La précision de Fatal-Foudre augmente à 100% par temps de pluie Vrai
84%
Laquelle de ces propositions est fausse concernant Mackogneur ? il n'existe que des mâles
71%
Grâce à quelle pierre peut-on faire évoluer Rosélia en Roserade ? Pierre Éclat
64%
De quel type est l'attaque Poing de Colère ? Spectre
64%
Dans l'animé, face à quel dresseur Sacha perd-il la ligue de Johto ? Harrison
42%
Parmi ces quatre attaques, laquelle ne touche pas les deux adversaires lors d'un combat duo ? Vent Mauvais
22%
Aucun quiz correspondant
Distribution des résultats
% des personnes avec chaque résultat
Percentile par nombre de réponses
Votre historique - résultats
Vous n’avez pas pris ce quiz